[Event "Reykjavik Open 2013"]
[Site "Reykjavik ISL"]
[Date "2013.02.20"]
[Round "3.13"]
[White "Baklan, Vladimir"]
[Black "Mikkelsen, Nikolaj"]
[Result "1-0"]
[WhiteTitle "GM"]
[BlackTitle "IM"]
[WhiteElo "2609"]
[BlackElo "2421"]
[WhiteFideId "14102196"]
[BlackFideId "1407970"]
[EventDate "2013.02.19"]

1. e4 c5 2. Nf3 Nc6 3. d4 cxd4 4. Nxd4 Nf6 5. Nc3 d6 6. Bg5 e6 7. Qd2 a6 8.
O-O-O Be7 9. f4 Nxd4 10. Qxd4 O-O 11. Be2 b5 12. Bf3 Bb7 13. e5 Bxf3 14. exf6
gxf6 15. gxf3 fxg5 16. Ne4 d5 17. h4 Qc7 18. Nxg5 Qc4 19. Qe5 Rfc8 20. Rh2 Qc7
21. Qd4 Qc4 22. Rg2 Bxg5 23. Rxg5+ Kf8 24. Qd2 Rc5 25. Kb1 Rac8 26. Rc1 d4 27.
f5 Rxf5 28. Rxf5 exf5 29. Qh6+ Ke8 30. Qd6 Qe6 31. Qxd4 Rc4 32. Qh8+ Ke7 33. Rd1
Rc8 34. Qd4 Kf8 35. b3 h6 36. h5 Re8 37. Qh8+ Ke7 38. Qg7 Rc8 39. Qd4 Kf8 40.
Rg1 Ke7 41. Qh4+ Kd7 42. Rd1+ Kc6 43. a4 Qe5 44. Qb4 Rc7 45. axb5+ axb5 46. Qa5
Kb7 47. Rd8 Re7 48. Qa8+ Kb6 49. Rd5 Qc7 50. b4 Qb7 51. Rd6+ 1-0

[Event "Reykjavik Open 2013"]
[Site "Reykjavik ISL"]
[Date "2013.02.20"]
[Round "3.14"]
[White "Guramishvili, Sopiko"]
[Black "Solak, Dragan"]
[Result "1/2-1/2"]
[WhiteTitle "IM"]
[BlackTitle "GM"]
[WhiteElo "2414"]
[BlackElo "2603"]
[WhiteFideId "13602888"]
[BlackFideId "916811"]
[EventDate "2013.02.19"]

1. c4 g6 2. g3 Bg7 3. Bg2 c5 4. Nc3 Nc6 5. e3 e5 6. Nge2 Nge7 7. O-O d6 8. a3
O-O 9. Rb1 a5 10. Nd5 Nxd5 11. cxd5 Ne7 12. Nc3 Bd7 13. b4 axb4 14. axb4 c4 15.
b5 Nc8 16. d3 Nb6 17. dxc4 Nxc4 18. Qb3 Rc8 19. b6 f5 20. Rd1 Rc5 21. Bf1 Qc8
22. Bxc4 Rxc4 23. Nb5 Bxb5 24. Qxb5 f4 25. exf4 exf4 26. Bxf4 Rcxf4 27. gxf4
Qg4+ 28. Kf1 Qxf4 29. Qe2 Qxh2 30. f3 Qh1+ 31. Kf2 Bd4+ 32. Rxd4 Qxb1 33. Qe6+
Kg7 34. Qe7+ Kg8 35. Qe6+ Kg7 36. Qe7+ Rf7 37. Qxd6 Qb2+ 38. Ke3 Qc3+ 39. Rd3
Qe1+ 40. Kd4 Re7 41. Kc4 Rf7 42. Kb3 Qb1+ 43. Kc3 Qa1+ 44. Kb3 Qb1+ 45. Kc3 h5
46. Qe5+ Kh7 47. Qe6 Qc1+ 48. Kb3 Rf4 49. Qe7+ Kh6 50. Qe3 Qxe3 51. Rxe3 Rd4 52.
Re5 h4 53. Kc3 Rd1 54. Kc2 Rd4 55. Kc3 Rd1 56. Kc2 Rd4 1/2-1/2

[Event "Reykjavik Open 2013"]
[Site "Reykjavik ISL"]
[Date "2013.02.20"]
[Round "3.15"]
[White "Dziuba, Marcin"]
[Black "Hagen, Andreas Skytte"]
[Result "1/2-1/2"]
[WhiteTitle "GM"]
[BlackTitle "IM"]
[WhiteElo "2602"]
[BlackElo "2411"]
[WhiteFideId "1112953"]
[BlackFideId "1407341"]
[EventDate "2013.02.19"]

1. d4 d5 2. c4 e6 3. Nf3 Nf6 4. g3 Bb4+ 5. Bd2 Be7 6. Bg2 c6 7. O-O O-O 8. Qc2
Nbd7 9. Bf4 b6 10. Ne5 Bb7 11. cxd5 Nxe5 12. d6 Nf3+ 13. Bxf3 Bxd6 14. Bxd6 Qxd6
15. Rd1 e5 16. dxe5 Qxe5 17. Nd2 Qe7 18. Nc4 Rfd8 19. Rxd8+ Rxd8 20. Rd1 Rxd1+
21. Qxd1 Ba6 22. Ne3 Qc7 23. g4 h6 24. h4 Bc8 25. Qc2 Bd7 26. g5 Ne8 27. Qe4
hxg5 28. hxg5 g6 29. Bg4 Kf8 30. f4 Qc8 31. Bxd7 Qxd7 32. Kf2 Nc7 33. Qe5 Nd5
34. Nxd5 Qxd5 35. Qb8+ Kg7 36. b3 1/2-1/2

[Event "Reykjavik Open 2013"]
[Site "Reykjavik ISL"]
[Date "2013.02.20"]
[Round "3.16"]
[White "Li, Wenliang"]
[Black "Ipatov, Alexander"]
[Result "1/2-1/2"]
[WhiteTitle "IM"]
[BlackTitle "GM"]
[WhiteElo "2411"]
[BlackElo "2569"]
[WhiteFideId "8600490"]
[BlackFideId "14116731"]
[EventDate "2013.02.19"]

1. d4 Nf6 2. c4 e6 3. Nc3 d5 4. cxd5 exd5 5. Bg5 c6 6. e3 Be7 7. Bd3 Nbd7 8. Nf3
Nf8 9. Qc2 Ne6 10. Bh4 g6 11. O-O O-O 12. Rab1 Ng7 13. b4 a6 14. a4 Bf5 15. Bxf5
Nxf5 1/2-1/2

[Event "Reykjavik Open 2013"]
[Site "Reykjavik ISL"]
[Date "2013.02.20"]
[Round "3.18"]
[White "Ris, Robert"]
[Black "Esen, Baris"]
[Result "1/2-1/2"]
[WhiteTitle "IM"]
[BlackTitle "GM"]
[WhiteElo "2407"]
[BlackElo "2565"]
[WhiteFideId "1011480"]
[BlackFideId "6302114"]
[EventDate "2013.02.19"]

1. d4 Nf6 2. c4 c5 3. d5 e6 4. Nc3 exd5 5. cxd5 d6 6. Nf3 g6 7. g3 Bg7 8. Bg2
O-O 9. O-O a6 10. a4 Nbd7 11. Bf4 Qe7 12. h3 Nh5 13. Bg5 f6 14. Bd2 f5 15. Qc1
Ne5 16. Rb1 Bd7 17. b4 b6 18. Ng5 Rfc8 19. Ne6 Bf6 20. bxc5 bxc5 21. Rb7 Ng7 22.
Qc2 Kh8 23. Rfb1 Nc4 24. Bc1 Na5 25. R7b6 Nc4 26. Rb7 Na5 27. R7b6 Nc4 28. Rb7 1/2-1/2

[Event "Reykjavik Open 2013"]
[Site "Reykjavik ISL"]
[Date "2013.02.20"]
[Round "3.20"]
[White "Muir, Andrew J"]
[Black "Maze, Sebastien"]
[Result "1-0"]
[WhiteTitle "IM"]
[BlackTitle "GM"]
[WhiteElo "2313"]
[BlackElo "2556"]
[WhiteFideId "2400138"]
[BlackFideId "613762"]
[EventDate "2013.02.19"]

1. d4 Nf6 2. c4 e6 3. Nc3 Bb4 4. e3 O-O 5. Bd3 b6 6. Nf3 Bb7 7. O-O c5 8. Na4
cxd4 9. exd4 Re8 10. a3 Be7 11. Re1 d6 12. b4 Nbd7 13. Bb2 Rc8 14. Nc3 Nf8 15.
d5 e5 16. Nd2 N6d7 17. Nb3 g6 18. a4 f5 19. f3 a6 20. Kh1 Bh4 21. g3 Bf6 22. Bf1
Bg7 23. a5 e4 24. f4 Nf6 25. Qd2 h5 26. axb6 Qxb6 27. Na4 Qd8 28. Bd4 h4 29. Na5
Ba8 30. Nb6 Rc7 31. Qb2 Nh5 32. Kg2 hxg3 33. hxg3 g5 34. Nxa8 Qxa8 35. Be2 Nxg3
36. Kxg3 gxf4+ 37. Kxf4 Ng6+ 38. Ke3 Bh6+ 39. Kf2 e3+ 40. Kf1 Re4 41. Bf3 Qe8
42. Bxe4 Qxe4 43. Qg2 Qd3+ 44. Re2 f4 45. Ra3 Qf5 46. Qg1 Kh7 47. Nc6 Nh4 48.
Qh1 Qg4 49. Qe4+ Nf5 50. Raxe3 Rf7 51. Rg2 Qd1+ 52. Re1 Qb3 53. Ba1 Qh3 54. Nd4
Qh1+ 55. Kf2 Qh4+ 56. Kg1 f3 57. Nxf3 1-0

[Event "Reykjavik Open 2013"]
[Site "Reykjavik ISL"]
[Date "2013.02.20"]
[Round "3.21"]
[White "Kveinys, Aloyzas"]
[Black "Borsos, Bogdan"]
[Result "1-0"]
[WhiteTitle "GM"]
[BlackTitle "IM"]
[WhiteElo "2533"]
[BlackElo "2260"]
[WhiteFideId "12800040"]
[BlackFideId "14100568"]
[EventDate "2013.02.19"]

1. d4 Nf6 2. Nf3 e6 3. c4 Bb4+ 4. Nbd2 b6 5. a3 Bxd2+ 6. Qxd2 Bb7 7. e3 a5 8. b3
d6 9. Be2 Ne4 10. Qc2 O-O 11. O-O Nd7 12. Bb2 Qe7 13. Nd2 Ndf6 14. Nb1 Nd7 15.
f3 Nef6 16. Nc3 e5 17. Qd2 Rfe8 18. Rae1 exd4 19. exd4 Qe3+ 20. Qxe3 Rxe3 21.
Kf2 Rae8 22. Bd1 Rxe1 23. Rxe1 Rxe1 24. Kxe1 Kf8 25. Kf2 Ke7 26. Bc2 Nf8 27. d5
Bc8 28. Nb5 Ne8 29. Nd4 Bd7 30. Nf5+ Bxf5 31. Bxf5 Nd7 32. Bc2 Ne5 33. f4 Ng4+
34. Kg3 Ngf6 35. Kh4 h6 36. g4 Nd7 37. Kg3 Nc5 38. b4 axb4 39. axb4 Nd7 40. Ba4
Ndf6 41. Kf3 Nd7 42. Bd4 Ndf6 43. h4 Nd7 44. h5 Ndf6 45. Bb5 Kf8 46. Ba4 Ke7 47.
Bf2 Kf8 48. Bh4 g6 49. hxg6 fxg6 50. g5 hxg5 51. Bxg5 Ng8 52. Bd8 Ne7 53. Bxe8
Kxe8 54. Bxc7 Nc8 55. Kg4 Kd7 56. Bb8 Ne7 57. b5 Nf5 58. Kg5 Ne3 59. Kxg6 Nxc4
60. f5 Ke8 61. Bc7 Ne3 62. f6 Nxd5 63. Bxd6 1-0

[Event "Reykjavik Open 2013"]
[Site "Reykjavik ISL"]
[Date "2013.02.20"]
[Round "3.22"]
[White "Beeke, Bob"]
[Black "Gretarsson, Hjorvar Steinn"]
[Result "0-1"]
[BlackTitle "IM"]
[WhiteElo "2257"]
[BlackElo "2509"]
[WhiteFideId "1011634"]
[BlackFideId "2302241"]
[EventDate "2013.02.19"]

1. Nf3 d5 2. d4 Nf6 3. c4 c6 4. e3 Bg4 5. h3 Bh5 6. Nc3 e6 7. Qb3 Qb6 8. c5 Qc7
9. Ne5 Nbd7 10. g4 Bg6 11. Nxg6 hxg6 12. g5 Nh5 13. Bd2 Be7 14. h4 b6 15. cxb6
axb6 16. Bg2 b5 17. Rc1 Qb6 18. a3 O-O 19. O-O e5 20. Ne2 exd4 21. exd4 Rfe8 22.
Be3 Bd6 23. Rc2 Ra4 24. Rfc1 Rc4 25. Rxc4 bxc4 26. Qxb6 Nxb6 27. Rc2 Kf8 28. Bf3
Rb8 29. Kg2 Ke7 30. Kh3 Na4 31. Bc1 Rb3 32. Nc3 Bf4 33. Nxa4 Rxf3+ 34. Kg4 Rd3
35. Re2+ Kd8 36. Be3 Bd6 37. Rd2 Rb3 38. Rc2 f5+ 39. gxf6 gxf6 40. Nc3 Ng7 41.
Nd1 Ne6 42. h5 f5+ 0-1

[Event "Reykjavik Open 2013"]
[Site "Reykjavik ISL"]
[Date "2013.02.20"]
[Round "3.25"]
[White "Jayakumar, Adarsh"]
[Black "Sokolov, Ivan"]
[Result "1-0"]
[WhiteTitle "FM"]
[BlackTitle "GM"]
[WhiteElo "2271"]
[BlackElo "2644"]
[WhiteFideId "5026520"]
[BlackFideId "14400030"]
[EventDate "2013.02.19"]

1. d4 d5 2. c4 e6 3. Nf3 Nf6 4. g3 Bb4+ 5. Bd2 Bd6 6. Bg2 c6 7. Qc2 Nbd7 8. O-O
O-O 9. Bf4 Bxf4 10. gxf4 dxc4 11. Qxc4 Qb6 12. b3 c5 13. Nc3 cxd4 14. Qxd4 a6
15. Rac1 Rb8 16. Rfd1 Qxd4 17. Nxd4 e5 18. fxe5 Nxe5 19. Ne4 Nxe4 20. Bxe4 g6
21. Rc7 Rd8 22. Rdc1 b5 23. e3 Bd7 24. R1c5 Ng4 25. Bb7 a5 26. Kg2 Nf6 27. Bc6
a4 28. Bxd7 axb3 29. axb3 Rxd7 30. Rxd7 Nxd7 31. Rxb5 Ra8 32. b4 Ra2 33. Ra5 Rb2
34. b5 Ne5 35. Ra3 Kf8 36. Kg3 Ke7 37. Ra7+ Kd6 38. h4 h5 39. f3 Rb1 40. Kf4 f6
41. Ra6+ Ke7 42. Ke4 Nc4 43. Re6+ Kf7 44. Kd5 Ne5 45. Ra6 Nxf3 46. Ra7+ Kg8 47.
Nxf3 Rxb5+ 48. Ke6 Rb6+ 49. Ke7 Kg7 50. e4 Kh6 51. Rd7 Rb3 52. Nd4 Re3 53. Kxf6
Rxe4 54. Ne6 Rxh4 55. Rd8 1-0

[Event "Reykjavik Open 2013"]
[Site "Reykjavik ISL"]
[Date "2013.02.20"]
[Round "3.27"]
[White "Oleksienko, Mikhailo"]
[Black "Saduakassova, Dinara"]
[Result "1/2-1/2"]
[WhiteTitle "GM"]
[BlackTitle "WGM"]
[WhiteElo "2568"]
[BlackElo "2312"]
[WhiteFideId "4152417"]
[BlackFideId "13700090"]
[EventDate "2013.02.19"]

1. e4 e5 2. Nf3 Nc6 3. Bb5 a6 4. Ba4 Nf6 5. O-O Be7 6. Re1 b5 7. Bb3 d6 8. c3
O-O 9. d4 exd4 10. cxd4 Bg4 11. Be3 d5 12. e5 Ne4 13. h3 Bh5 14. Nc3 Nxc3 15.
bxc3 Na5 16. Bc2 Nc4 17. g4 Bg6 18. Bf5 a5 19. Qd3 Ra6 20. Kg2 b4 21. Rh1 c5 22.
h4 h5 23. gxh5 Bxf5 24. Qxf5 Nxe3+ 25. fxe3 bxc3 26. Rac1 cxd4 27. exd4 Qc8 28.
Qxc8 Rxc8 29. Rc2 f6 30. Re1 Rb6 31. Rec1 Rbc6 32. exf6 Bxf6 33. Kf2 Kh7 34. Rb1
Rc4 35. Ke3 Rb4 36. Rbc1 Rbc4 37. Rb1 Rb4 38. Rbc1 Rcc4 39. Rxc3 Bxd4+ 40. Nxd4
Rxd4 41. Rg1 Re4+ 42. Kd2 Rxh4 43. Rc7 Rbg4 44. Rxg4 Rxg4 45. Rc5 Rg2+ 46. Ke3
Rxa2 47. Rxd5 Kh6 48. Kf3 a4 49. Ra5 a3 50. Kg3 1/2-1/2

[Event "Reykjavik Open 2013"]
[Site "Reykjavik ISL"]
[Date "2013.02.20"]
[Round "3.28"]
[White "Valenti, Giuseppe"]
[Black "Halkias, Stelios"]
[Result "0-1"]
[WhiteTitle "FM"]
[BlackTitle "GM"]
[WhiteElo "2204"]
[BlackElo "2566"]
[WhiteFideId "801119"]
[BlackFideId "4201809"]
[EventDate "2013.02.19"]

1. e4 e5 2. Nf3 Nc6 3. Bb5 a6 4. Ba4 Nf6 5. O-O b5 6. Bb3 Bc5 7. c3 d6 8. h3 Bb7
9. d4 Bb6 10. Re1 h6 11. a4 O-O 12. axb5 axb5 13. Rxa8 Qxa8 14. d5 Na5 15. Bc2
Qa7 16. Qe2 c6 17. dxc6 Bxc6 18. Nh4 Bxe4 19. Bxe4 Nxe4 20. Qxe4 Bxf2+ 21. Kf1
Bxe1 22. Qxe1 Nb3 23. Na3 Nxc1 24. Qxc1 Qa4 25. Nf3 b4 26. cxb4 Qxb4 27. Qc3 Rb8
28. Nc4 Qb5 29. Kg1 Rc8 30. Nxd6 Qb6+ 0-1

[Event "Reykjavik Open 2013"]
[Site "Reykjavik ISL"]
[Date "2013.02.20"]
[Round "3.32"]
[White "Hambleton, Aman"]
[Black "Wang, Yiye"]
[Result "1/2-1/2"]
[WhiteTitle "FM"]
[WhiteElo "2472"]
[BlackElo "2226"]
[WhiteFideId "2606577"]
[BlackFideId "8606021"]
[EventDate "2013.02.19"]

1. d4 Nf6 2. c4 c5 3. d5 b5 4. cxb5 a6 5. bxa6 e6 6. dxe6 fxe6 7. Nf3 d5 8. Nbd2
Be7 9. b3 O-O 10. Bb2 Bxa6 11. g3 Nc6 12. Bh3 Qd6 13. O-O e5 14. Re1 e4 15. Ng5
Ne5 16. f4 Neg4 17. e3 Bc8 18. Bxf6 Nxf6 19. Bxc8 Rfxc8 20. Nh3 c4 21. bxc4 dxc4
22. Nf2 c3 23. Qb3+ Kh8 24. Ndxe4 Nxe4 25. Nxe4 Qc6 26. Qc2 Rab8 27. Rab1 h6 28.
Nf2 Bf6 29. Rb3 Rxb3 30. axb3 Qf3 31. b4 Be7 32. b5 Qb7 33. Rb1 Qb6 34. Rb3 Qxe3
35. b6 Bf6 36. Kg2 Qd4 37. b7 Rb8 38. Ne4 Qd5 39. Kh3 Qd7+ 40. Kg2 Qc6 41. Kh3
Qd7+ 42. g4 Bd4 43. Nxc3 h5 44. Qg6 Qxg4+ 45. Qxg4 hxg4+ 46. Kxg4 Bxc3 47. Rxc3
Rxb7 48. Kg5 Kh7 49. Rh3+ Kg8 50. Rg3 Rb2 51. h3 Kh7 52. Kf5 Rb5+ 53. Kg4 Rb4
54. Ra3 Rb1 55. Re3 Ra1 56. h4 Rg1+ 57. Rg3 Ra1 58. Kg5 Ra5+ 59. Kg4 Ra1 60. Rh3
Kh6 61. Rd3 Rg1+ 62. Rg3 Ra1 63. Re3 Rg1+ 64. Kf5 Rh1 65. Re8 Kh7 1/2-1/2

[Event "Reykjavik Open 2013"]
[Site "Reykjavik ISL"]
[Date "2013.02.20"]
[Round "3.34"]
[White "Zumsande, Martin"]
[Black "Thorhallsson, Gylfi"]
[Result "1/2-1/2"]
[WhiteTitle "IM"]
[WhiteElo "2419"]
[BlackElo "2141"]
[WhiteFideId "4651324"]
[BlackFideId "2300800"]
[EventDate "2013.02.19"]

1. e4 e5 2. Nf3 Nc6 3. d4 exd4 4. Nxd4 Bc5 5. Nxc6 Qf6 6. Qf3 Qxf3 7. gxf3 bxc6
8. Nc3 Rb8 9. Na4 Bd4 10. Be3 Bxe3 11. fxe3 Ne7 12. O-O-O d6 13. Rg1 Be6 14. a3
O-O 15. f4 f5 16. e5 Rfd8 17. exd6 cxd6 18. Bg2 Kf7 19. Rd2 Bd5 20. b3 Bxb3 21.
cxb3 Rxb3 22. Kc2 Rxa3 23. Nc3 Ra6 24. Rb1 Rb6 25. Ra1 Rd7 26. Kd3 d5 27. Rda2
Nc8 28. Ra5 Kf6 29. h4 h6 30. h5 Rb2 31. R1a2 Rdb7 32. Rxb2 Rxb2 33. Bxd5 cxd5
34. Nxd5+ Ke6 35. Nc7+ Kd7 36. Nb5 Rh2 37. Nxa7 Ne7 38. Nb5 Rxh5 39. Ra7+ Ke6
40. Nc7+ Kf6 41. Ne8+ Kf7 42. Nxg7 Kxg7 43. Rxe7+ Kf6 44. Ra7 Rh1 45. Ra6+ Kg7
46. Kd4 Rb1 47. Ke5 Rb5+ 48. Ke6 Kg6 49. Ra1 Rb6+ 50. Ke5 Rb5+ 51. Kd4 Rb6 52.
Rg1+ Kf6 53. Kd3 Rb2 1/2-1/2

[Event "Reykjavik Open 2013"]
[Site "Reykjavik ISL"]
[Date "2013.02.20"]
[Round "3.35"]
[White "Mihajlov, Svetoslav"]
[Black "Amin, Bassem"]
[Result "0-1"]
[BlackTitle "GM"]
[WhiteElo "2071"]
[BlackElo "2631"]
[WhiteFideId "1507168"]
[BlackFideId "10601457"]
[EventDate "2013.02.19"]

1. d4 Nf6 2. c4 e6 3. Nf3 Bb4+ 4. Bd2 a5 5. Nc3 O-O 6. Rc1 d6 7. e3 b6 8. Bd3
Bb7 9. Qc2 Nbd7 10. O-O Bxf3 11. gxf3 e5 12. d5 Nc5 13. Be2 Nh5 14. Kh1 f5 15.
f4 Qh4 16. fxe5 dxe5 17. Qd1 Rf6 18. Rg1 Rh6 19. Rg2 f4 20. Qg1 Qf6 21. Qd1 e4
22. exf4 Nxf4 23. Bxf4 Qxf4 24. a3 Nb3 25. Rc2 Bd6 26. Bf1 Rxh2+ 27. Kg1 Qh4 0-1

[Event "Reykjavik Open 2013"]
[Site "Reykjavik ISL"]
[Date "2013.02.20"]
[Round "3.38"]
[White "Heerde, Thomas"]
[Black "Urkedal, Frode"]
[Result "0-1"]
[BlackTitle "IM"]
[WhiteElo "2053"]
[BlackElo "2473"]
[WhiteFideId "12945684"]
[BlackFideId "1506102"]
[EventDate "2013.02.19"]

1. Nf3 Nf6 2. g3 g6 3. Bg2 Bg7 4. O-O O-O 5. d3 c5 6. Nbd2 Nc6 7. e4 d6 8. Ne1
d5 9. c3 d4 10. c4 e5 11. f4 Ng4 12. Nc2 exf4 13. gxf4 Nb4 14. Nf3 Nxc2 15. Qxc2
Qc7 16. Kh1 Bh6 17. Ng1 Ne3 18. Bxe3 dxe3 19. Ne2 Bg4 20. Bf3 Bd7 21. Bg2 Rad8
22. Rad1 Bg4 23. Bf3 Bxf3+ 24. Rxf3 f5 25. e5 Qc6 26. Rf1 g5 27. Kg1 gxf4 28.
Nxf4 Bxf4 29. Rxf4 Kh8 30. R1f3 Rd4 31. h3 Rg8+ 32. Kh2 Rxf4 33. Rxf4 Qg6 0-1

[Event "Reykjavik Open 2013"]
[Site "Reykjavik ISL"]
[Date "2013.02.20"]
[Round "3.39"]
[White "Norowitz, Yaacov"]
[Black "Palmqvist, Fredrik"]
[Result "1-0"]
[WhiteElo "2432"]
[BlackElo "2050"]
[WhiteFideId "2024799"]
[BlackFideId "1710346"]
[EventDate "2013.02.19"]

1. d4 Nf6 2. Nf3 e6 3. Bg5 h6 4. Bh4 c5 5. c3 b6 6. Nbd2 Bb7 7. e3 Be7 8. Bd3 d6
9. Qe2 Nc6 10. Ba6 Bxa6 11. Qxa6 O-O 12. dxc5 dxc5 13. O-O-O Nd5 14. Bg3 Qc8 15.
Qe2 Qb7 16. e4 Nf6 17. e5 Nd5 18. c4 Nc7 19. Ne4 Rfd8 20. Nd6 Qa6 21. Kb1 Qa4
22. Rd2 a6 23. Qd1 Qxd1+ 24. Rhxd1 Rd7 25. h4 Rad8 26. h5 Kf8 27. Ne4 Rxd2 28.
Rxd2 Rxd2 29. Nexd2 Ke8 30. Bf4 Kd7 31. b3 b5 32. Kb2 bxc4 33. bxc4 f6 34. exf6
Bxf6+ 35. Kc2 e5 36. Be3 Nd4+ 37. Kd3 Nce6 38. Nh2 Nf5 39. Ng4 Nxe3 40. fxe3 Ng5
41. Ne4 Nxe4 42. Kxe4 Ke6 43. Nxf6 Kxf6 44. Kd5 1-0

[Event "Reykjavik Open 2013"]
[Site "Reykjavik ISL"]
[Date "2013.02.20"]
[Round "3.41"]
[White "Thorsteinsdottir, Gudlaug"]
[Black "Arngrimsson, Dagur"]
[Result "1/2-1/2"]
[WhiteTitle "WF"]
[BlackTitle "IM"]
[WhiteElo "2041"]
[BlackElo "2375"]
[WhiteFideId "2300753"]
[BlackFideId "2301288"]
[EventDate "2013.02.19"]

1. e4 e5 2. Nf3 Nc6 3. Bb5 a6 4. Ba4 Nf6 5. O-O Be7 6. Re1 b5 7. Bb3 d6 8. c3
O-O 9. h3 Rb8 10. d4 exd4 11. cxd4 d5 12. e5 Ne4 13. Nc3 Nxc3 14. bxc3 Bf5 15.
Bc2 Qd7 16. Bg5 Rfe8 17. Bxe7 Nxe7 18. Nh4 Bxc2 19. Qxc2 Rb6 20. f4 Rc8 21. Qf2
Ng6 22. Nxg6 hxg6 23. Rab1 c5 24. Red1 Rbc6 25. Rb3 Qf5 26. Qd2 cxd4 27. Qxd4
Rc4 28. Qxd5 Qxf4 29. Rf1 Qe3+ 30. Kh2 Rf4 31. c4 Qe4 32. Qxe4 Rxe4 33. cxb5
axb5 34. Rxb5 Re2 35. a4 Rcc2 36. Rg1 g5 37. Kg3 Re3+ 38. Kh2 Ra2 39. a5 Ree2
40. Kg3 Kf8 41. Kf3 Ke7 42. a6 Ke6 43. Rc1 Rf2+ 44. Ke3 Rfe2+ 45. Kf3 Rf2+ 46.
Ke3 Rxg2 47. Rc6+ Kd7 48. Rd6+ Ke7 49. Rb7+ Ke8 50. a7 Rge2+ 51. Kd4 Ra4+ 52.
Kd5 Rea2 53. Rb8+ Ke7 54. Rb7+ Ke8 55. Rc6 Kd8 56. Rxf7 Rxa7 57. Ke6 Rxf7 58.
Kxf7 Rf2+ 59. Kxg7 Ke7 60. Kg6 Rf3 61. Kxg5 Rxh3 62. Rc2 1/2-1/2

[Event "Reykjavik Open 2013"]
[Site "Reykjavik ISL"]
[Date "2013.02.20"]
[Round "3.42"]
[White "Wang, Jue"]
[Black "Doell, Detlef"]
[Result "1-0"]
[WhiteTitle "WGM"]
[WhiteElo "2375"]
[BlackElo "2044"]
[WhiteFideId "8604070"]
[BlackFideId "4659449"]
[EventDate "2013.02.19"]

1. e4 c5 2. Nf3 e6 3. d4 cxd4 4. Nxd4 Nf6 5. Nc3 Bb4 6. e5 Nd5 7. Bd2 Nxc3 8.
bxc3 Be7 9. Bd3 Nc6 10. Nxc6 bxc6 11. Qg4 O-O 12. Bh6 g6 13. Bxf8 Bxf8 14. O-O
Qa5 15. Qg3 Qxc3 16. Rab1 Qa5 17. h4 Bg7 18. Rfe1 Ba6 19. h5 Bxd3 20. cxd3 Qxa2
21. Qg5 Qd5 22. h6 f6 23. Qh4 Bh8 24. Rb7 a5 25. Reb1 Qxe5 26. Rxd7 a4 27. Qb4
f5 28. Qe7 Qf6 29. Qxh7+ Kf8 30. Rbb7 1-0

[Event "Reykjavik Open 2013"]
[Site "Reykjavik ISL"]
[Date "2013.02.20"]
[Round "3.43"]
[White "Handler, Lukas"]
[Black "Haraldsson, Leif"]
[Result "1-0"]
[WhiteTitle "FM"]
[WhiteElo "2369"]
[BlackElo "2028"]
[WhiteFideId "1609580"]
[BlackFideId "1710648"]
[EventDate "2013.02.19"]

1. d4 f5 2. Nf3 Nf6 3. c4 g6 4. Nc3 Bg7 5. g3 O-O 6. Bg2 d6 7. O-O c6 8. Rb1 a5
9. b3 Qc7 10. d5 c5 11. Bb2 h6 12. Qc2 Na6 13. Rbd1 Bd7 14. Nh4 Kh7 15. e4 fxe4
16. Nxe4 Be8 17. Rde1 Qd8 18. Re2 Nc7 19. a4 Bf7 20. Rfe1 Re8 21. f4 Nh5 22. f5
g5 23. f6 Kg8 24. fxe7 Qd7 25. Bxg7 Kxg7 26. Qc3+ Kg8 27. Nf6+ Nxf6 28. Qxf6
gxh4 29. Rf2 Bh5 30. Rf5 1-0

[Event "Reykjavik Open 2013"]
[Site "Reykjavik ISL"]
[Date "2013.02.20"]
[Round "3.44"]
[White "Murray, Michael A."]
[Black "Miedema, David"]
[Result "0-1"]
[BlackTitle "IM"]
[WhiteElo "2017"]
[BlackElo "2364"]
[WhiteFideId "2609126"]
[BlackFideId "1018477"]
[EventDate "2013.02.19"]

1. Nc3 d5 2. e4 e6 3. Nf3 Nf6 4. e5 Nfd7 5. d4 c5 6. dxc5 Nc6 7. Bf4 Nxc5 8. Bd3
Be7 9. Qe2 a6 10. O-O g5 11. Bd2 Nd7 12. h3 h5 13. g4 b5 14. Rae1 Bb7 15. Nxd5
hxg4 16. hxg4 Ndxe5 17. Nxe5 Qxd5 18. f3 Qd4+ 19. Kg2 Nxe5 20. Qxe5 Qxg4+ 21.
Qg3 Qxg3+ 22. Kxg3 O-O-O 23. Bc3 Bd6+ 24. Be5 Bxe5+ 25. Rxe5 Rd5 26. Rxd5 Bxd5
27. a4 bxa4 28. Bxa6+ Kc7 29. Bb5 Rh4 30. Ra1 f5 31. Rxa4 Kb6 32. c4 f4+ 33. Kg2
Bb7 34. Bd7 g4 35. Rb4+ Kc7 36. Rxb7+ Kxb7 37. fxg4 e5 38. Bf5 Kc6 39. b4 Kd6
40. c5+ Kd5 41. Bc8 e4 42. Bb7+ Kd4 43. c6 Rxg4+ 44. Kf1 Rg7 45. b5 Ke3 46. b6
f3 0-1

[Event "Reykjavik Open 2013"]
[Site "Reykjavik ISL"]
[Date "2013.02.20"]
[Round "3.45"]
[White "L'Ami, Alina"]
[Black "Isaksson, Per"]
[Result "1/2-1/2"]
[WhiteTitle "WGM"]
[WhiteElo "2362"]
[BlackElo "2016"]
[WhiteFideId "1210246"]
[BlackFideId "1707035"]
[EventDate "2013.02.19"]

1. d4 d5 2. c4 c6 3. Nf3 Nf6 4. Nc3 dxc4 5. a4 e6 6. e3 c5 7. Bxc4 Nc6 8. O-O
cxd4 9. Nxd4 Nxd4 10. exd4 Be7 11. Bg5 O-O 12. Qd3 Bd7 13. Rfe1 Bc6 14. Rad1 Nd5
15. Bxe7 Nxe7 16. Bb3 Qb6 17. Bc2 g6 18. h4 Rad8 19. h5 Nf5 20. hxg6 hxg6 21. d5
Bxd5 22. Qh3 Bc6 23. Bxf5 exf5 24. Qh4 Kg7 25. b4 Be4 26. Nxe4 fxe4 27. Rxd8
Rxd8 28. Rxe4 Rd1+ 29. Kh2 Qc7+ 30. Qg3 Qxg3+ 31. Kxg3 Kf6 32. Kf3 Rd3+ 33. Ke2
Ra3 34. a5 Ra2+ 35. Ke3 Rb2 36. g3 Rb3+ 37. Ke2 Rb2+ 38. Kf3 Rb3+ 39. Kg4 g5 40.
f4 gxf4 41. Kxf4 Rb1 42. g4 Rf1+ 43. Kg3 Rg1+ 44. Kf2 Rb1 45. Rf4+ Kg6 46. Ke3
Rb3+ 47. Kd2 a6 48. Kc2 Re3 49. Rd4 Re5 50. Kc3 f6 51. Rd7 Rb5 52. Kc4 b6 53.
axb6 Rxb6 54. Rd5 Re6 55. Rd3 1/2-1/2

[Event "Reykjavik Open 2013"]
[Site "Reykjavik ISL"]
[Date "2013.02.20"]
[Round "3.46"]
[White "Johannesson, Oliver"]
[Black "Kislik, Erik Andrew"]
[Result "0-1"]
[BlackTitle "IM"]
[WhiteElo "1988"]
[BlackElo "2359"]
[WhiteFideId "2305623"]
[BlackFideId "2022702"]
[EventDate "2013.02.19"]

1. d4 Nf6 2. c4 g6 3. f3 Bg7 4. e4 d6 5. Nc3 O-O 6. Be3 c5 7. d5 e6 8. Qd2 exd5
9. cxd5 Nbd7 10. Nh3 Ne8 11. Be2 a6 12. a4 Rb8 13. O-O Nc7 14. a5 b5 15. axb6
Nxb6 16. Nf2 Nb5 17. Rab1 Nd4 18. b3 f5 19. Rfc1 Qf6 20. Bxd4 Qxd4 21. Qxd4 Bxd4
22. Bd3 fxe4 23. Nxe4 Bf5 24. Re1 a5 25. Rbd1 Kh8 26. Nxd6 Bxd3 27. Rxd3 Nxd5
28. Kf1 Nb4 29. Rxd4 cxd4 30. Re7 Nd5 31. Ra7 Ne3+ 32. Ke2 Nf5 33. Nfe4 Nxd6 34.
Nxd6 Kg8 35. Rxa5 Rxb3 36. Ra2 Rfb8 37. Ne4 Rb2+ 38. Rxb2 Rxb2+ 39. Nd2 Kf7 40.
h4 Ke6 41. Kd3 Kd5 42. g3 Ra2 43. Ne4 Ra3+ 44. Ke2 Re3+ 45. Kf2 Rxe4 46. fxe4+
Kxe4 47. g4 Kf4 48. h5 g5 0-1